00558nam a22001817a 4500003000400000005001700004008004100021020001800062082001600080100002000096245010000116250001200216260005300228300001100281653002800292700002900320710002700349OSt20230929164044.0230929b |||||||| |||| 00| 0 eng d a9789353946760 a519.5bH67I aHogg, Robert V. aIntroduction to Mathematical Statisticscby V. Robert Hogg, Joseph W. Mckean and Allen T. Craig a8th ed. aNoida, UPbPearson India Education Servicec2020 a760 p. aMathematical Statistics eAuthoraMckean, Joseph W eAuthoraCraig, Allen T